01411cam a22003854i 4500003000900000005001700009008004100026020001500067020001800082035002000100040003300120082001700153100004000170245016100210264003900371300003800410336002100448337002500469338002300494504003900517505033900556526001000895526001000905526001000915526001000925526000800935526000800943526000800951526000800959526000800967526000800975526000800983650001000991650002401001PE-LiUPU20250731173108.0181211s2015 oru rb 000 0 eng d a1942614063 a9781942614067 a(Sirsi) a250986 aPE-LiUPUbspacPE-LiUPUerda04a231bG432231 aGibbon, John David,d1949-,eautor.10aScience and the knowledge of God :ba look at the Biblical doctrines of the identity and nature of God through the eyes of a scientist /cJohn David Gibbon. 1aSilverton :bLampion Press,c2015. a185 páginas ;c23 centímetros atext2rdacontent aunmediated2rdamedia avolume2rdacarrier aBibliografía: páginas 175-183.0 aScience and the Bible: Truth, Fiction and Fantasy -- Searching for God? -- The Child's Question: Where does God Live? -- Questions About Mind and Image -- The Mind and Personality of God -- Extra-Terrestrial and Artificial Humans? -- Jesus Christ-the Image of the Invisible God -- The Uniqueness and Tri-Unitarity of God: the Trinity. aSEG42 aSEG41 aSEG40 aSEG39 aP94 aP87 aP86 aP85 aP77 aP76 aP3504aDios.04aReligion y ciencia.